000 00297 a2200121 4500
090 _c5833
_d5833
100 _aProf. M A Azeem
245 _aModern In-Organic Chemistry
260 _aKarachi
_bWefaqi Urdu University
_c2006
300 _a513 p.
500 _aPapercover
942 _aNBS
_cBK
_k540 AZE
999 _c348231
_d348231